LEADER 00934cam0-22003251i-450- 001 990004370510403321 005 20080718163649.0 010 $a0-521-55634-1 035 $a000437051 035 $aFED01000437051 035 $a(Aleph)000437051FED01 035 $a000437051 100 $a19990604d1993----km-y0itay50------ba 101 0 $aeng 102 $aGB 105 $ay-------001yy 200 1 $a<>history of the hebrew language$fAngel Sáenz-Badillos$gtranslated by John Elwolde 210 $aCambridge$cCambridge University Press$d1993 215 $aXII, 371 p.$d23 cm 610 0 $aLingua ebraica$aStoria 676 $a492.4$v21$zit 700 1$aSaenz-Badillos,$bAngel$0174968 702 1$aElwolde,$bJohn 801 0$aIT$bUNINA$gRICA$2UNIMARC 901 $aBK 912 $a990004370510403321 952 $a492.4 SAE 1$fFLFBC 959 $aFLFBC 996 $aHistory of the hebrew language$9540507 997 $aUNINA LEADER 00902nam0-22002891i-450- 001 990003078920403321 035 $a000307892 035 $aFED01000307892 035 $a(Aleph)000307892FED01 035 $a000307892 100 $a20000920d--------km-y0itay50------ba 101 0 $aita 102 $aIT 200 1 $aFinancial Integration and Monetary Competition$fRoberto Cardarelli and Jean-Pierre Vidal 225 1 $aDAE Working Paper$fDepartment of Applied Economics, University of Cambridge Serie azzurra$v9810 610 0 $aMercato finanziario internazionale 676 $aO/2.222 702 1$aCardarelli,$bRoberto 702 1$aVidal,$bJean-Pierre$f<1958- > 801 0$aIT$bUNINA$gRICA$2UNIMARC 901 $aBK 912 $a990003078920403321 952 $aPaper$fSES 959 $aSES 996 $aFinancial Integration and Monetary Competition$9459943 997 $aUNINA DB $aING01 LEADER 01255nam a2200313 i 4500 001 991000913349707536 005 20020507103136.0 008 951205s1976 us ||| | eng 020 $a0262191466 035 $ab10147342-39ule_inst 035 $aLE00639040$9ExL 040 $aDip.to Fisica$bita 084 $a53(082.2) 084 $a53.2.63 084 $a621.36'6 084 $aTA1673 111 2 $aSummer Colloquium on electronic transition lasers$0461810 245 10$aElectronic transition lasers :$bproceedings of the Second Summer Colloquium held at the Marine Biology Laboratory Conference Center, Woods Hole, Massachusetts, September 17 to 19, 1975 /$cedited by Jeffrey I. Steinfeld 260 $aCambridge, MA :$bMIT Press,$c1976 300 $axi, 311 p. :$bill. ;$c23 cm. 500 $aIncludes bibliographical references and index. 650 4$aChemical lasers$xCongresses 700 1 $aSteinfeld, Jeffrey I. 907 $a.b10147342$b21-09-06$c27-06-02 912 $a991000913349707536 945 $aLE006 53.2.63 STE$g1$i2006000011365$lle006$o-$pE0.00$q-$rl$s- $t0$u0$v0$w0$x0$y.i10175441$z27-06-02 996 $aElectronic transition lasers$9186535 997 $aUNISALENTO 998 $ale006$b01-01-95$cm$da $e-$feng$gus $h0$i1